| 000 | 00573nam a2200253Ia 4500 | ||
|---|---|---|---|
| 008 | 160319s9999 xx 000 0 und d | ||
| 020 | _a9780679813576 | ||
| 050 | _aFic | ||
| 050 | _b.L66t 1969 | ||
| 100 | _aLionni, Leo | ||
| 245 | _aTillie and the wall / | ||
| 245 | _cby Leo Lionni. | ||
| 260 | _aNew York : | ||
| 260 | _bKnopf | ||
| 260 | _c1969 | ||
| 300 | _bcolor illustrations ; | ||
| 300 | _c29 cm. | ||
| 650 | _aCuriosity -- | ||
| 650 | _aMice -- | ||
| 650 | _aWalls -- | ||
| 650 | _xFiction. | ||
| 650 | _xFiction. | ||
| 650 | _xFiction. | ||
| 999 |
_c292043 _d292043 |
||